[Event "Druzynowe Mistrzostwa Polski Juniorow 2019 - II Liga"]
[Site "Szczyrk"]
[Date "1899-12-30"]
[Round "3.86"]
[White "Gabzdyl, Mateusz"]
[Black "Budny, Piotr"]
[Result "1-0"]
[WhiteTitle "II"]
[BlackTitle "II"]
[WhiteElo "1222"]
[BlackElo "1426"]

1. d4 Nf6 2. c4 g6 3. Nf3 Bg7 4. Nc3 d6 5. Bf4 O-O 6. e3 Nbd7 7. Be2 Nh5 8. Bg3
a6 9. Qc2 Rb8 10. Rd1 c5 11. dxc5 Nxc5 12. b4 Nd7 13. Ng5 Nxg3 14. hxg3 h6 15.
Nf3 Nf6 16. Qb3 Qc7 17. Bd3 b5 18. cxb5 Be6 19. Qa3 Nd5 20. Nxd5 Bxd5 21. Rc1
Qb6 22. Ke2 axb5 23. Rc2 Ra8 24. Qc1 Rxa2 25. Rxa2 Bxa2 26. Qc2 Be6 27. Rc1 Rc8
28. Qb1 Ra8 29. Nd2 Ra2 30. Ke1 Bb2 31. Rd1 Bc3 32. Bxg6 Rb2 33. Qd3 Bxd2+ 34.
Rxd2 Rxd2 35. Kxd2 Bc4 36. Bh7+ Kg7 37. Qc2 Qc6 38. Be4 d5 39. Bf3 Qf6 40. Qc3
Qxc3+ 41. Kxc3 Kf6 42. Kd4 e5+ 43. Kc5 e4 44. Bg4 Ke5 45. Bd7 f5 46. Bxb5 Bxb5
47. Kxb5 Kd6 48. Ka6 h5 49. b5 Kc7 50. Ka7 h4 51. b6+ Kc6 52. gxh4 f4 53. b7 1-0

[Event "Druzynowe Mistrzostwa Polski Juniorow 2019 - II Liga"]
[Site "Szczyrk"]
[Date "1899-12-30"]
[Round "3.87"]
[White "Nawalaniec, Adam"]
[Black "Wieczorek, Karol"]
[Result "0-1"]
[WhiteTitle "II"]
[BlackTitle "II+"]
[WhiteElo "1318"]
[BlackElo "1502"]

1. f4 d5 2. Nf3 g6 3. g3 Bg7 4. Bg2 c5 5. c3 Nc6 6. e3 Nf6 7. b3 Bf5 8. d3 O-O
9. O-O Qa5 10. Bb2 Rfd8 11. Ne5 Nxe5 12. fxe5 Ng4 13. Qe2 Nxe5 14. e4 dxe4 15.
dxe4 Be6 16. c4 Nc6 17. e5 Qc7 18. Bxc6 Qxc6 19. Nd2 Rd7 20. Rad1 Rad8 21. Nf3
Bg4 22. Rxd7 Qxd7 23. Qe4 Bf5 24. Qf4 Bh3 25. Re1 Qf5 26. Qxf5 Bxf5 27. Ba3 b6
28. Kf2 Bg4 29. Bc1 Rd3 30. Ng1 Rc3 31. h3 Be6 32. Bb2 Rd3 33. Ke2 Rxg3 34. Kf2
Rd3 35. Bc1 Rc3 36. Bb2 Rd3 37. Re3 Rxe3 38. Kxe3 Bh6+ 39. Kf3 Bf5 40. Ke2 Kf8
41. h4 Bg4+ 42. Nf3 Ke8 43. a3 Kd7 44. b4 Bxf3+ 45. Kxf3 Bd2 46. b5 Be1 47. Kg4
h5+ 48. Kg5 Bd2# 0-1

[Event "Druzynowe Mistrzostwa Polski Juniorow 2019 - II Liga"]
[Site "Szczyrk"]
[Date "1899-12-30"]
[Round "3.88"]
[White "Grzybek, Mikolaj"]
[Black "Klim, Juliusz"]
[Result "1-0"]
[WhiteTitle "II"]
[BlackTitle "II"]
[WhiteElo "1305"]
[BlackElo "1220"]

1. e4 e5 2. Nc3 Nc6 3. Bc4 Bc5 4. Qg4 Qf6 5. Nd5 Qxf2+ 6. Kd1 Nf6 7. Qxg7 Rg8 8.
Nxf6+ Ke7 9. Nxg8+ Kd8 10. Nf6 Nb4 11. c3 Na6 12. b4 c6 13. bxc5 Qxc5 14. Bb3
Qb5 15. Qf8+ Kc7 16. Ne8+ Kb6 17. Rb1 1-0

[Event "Druzynowe Mistrzostwa Polski Juniorow 2019 - II Liga"]
[Site "Szczyrk"]
[Date "1899-12-30"]
[Round "3.89"]
[White "Michalska, Aleksandra"]
[Black "Zamarska, Sylwia"]
[Result "1/2-1/2"]
[WhiteTitle "I++"]
[BlackTitle "I++"]
[WhiteElo "1741"]
[BlackElo "1628"]

1. e4 c6 2. d4 d5 3. exd5 cxd5 4. Bd3 Nc6 5. c3 Qc7 6. Ne2 Bg4 7. f3 Bd7 8. Bf4
e5 9. dxe5 Nxe5 10. Bxe5 Qxe5 11. f4 Qc7 12. Nd2 Nf6 13. Nb3 Bc5 14. Nxc5 Qxc5
15. Nd4 O-O 16. O-O Rfe8 17. h3 Re3 18. Qd2 Rae8 19. Rae1 Rxe1 20. Rxe1 Ne4 21.
Bxe4 dxe4 22. Re3 f5 23. Qd1 Qd6 24. g3 g6 25. h4 Qd5 26. a3 Re6 27. Qc2 Rb6 28.
Re2 Bb5 29. Rh2 h5 30. Qd2 Bd3 31. Rf2 1/2-1/2

[Event "Druzynowe Mistrzostwa Polski Juniorow 2019 - II Liga"]
[Site "Szczyrk"]
[Date "1899-12-30"]
[Round "3.90"]
[White "Wasowicz, Anna"]
[Black "Dzierzgowska, Jagoda"]
[Result "1-0"]
[WhiteTitle "II"]
[BlackTitle "II+"]
[WhiteElo "1000"]
[BlackElo "1000"]

1. e4 e6 2. Nf3 d5 3. exd5 exd5 4. d4 Be7 5. Be2 Nf6 6. O-O O-O 7. Bg5 Bf5 8. c3
Nc6 9. Nbd2 Re8 10. Bb5 a6 11. Ba4 b5 12. Bc2 Bxc2 13. Qxc2 h6 14. Bh4 a5 15.
a3 b4 16. axb4 axb4 17. Rxa8 Qxa8 18. Re1 bxc3 19. bxc3 Kh8 20. Qf5 Qc8 21. Qd3
Qd7 22. h3 Nh7 23. Bxe7 Nxe7 24. Ne5 Qa4 25. Nxf7+ Kg8 26. Ne5 Nc6 27. Ndf3 Ne7
28. Ng6 Nxg6 29. Qxg6 Rxe1+ 30. Nxe1 Qa8 31. Qe6+ Kh8 32. Nf3 c6 33. Ne5 Nf6 34.
Nxc6 Qa1+ 35. Kh2 Qa8 36. Ne5 Qb8 37. g3 Qe8 38. Qxe8+ Nxe8 39. Kg2 Kg8 40. Kf3
Kf8 41. c4 dxc4 42. Nxc4 Ke7 43. Ke4 Ke6 44. d5+ Kd7 45. Ke5 g6 46. f4 Ke7 47.
g4 Kd7 48. Ne3 Ke7 49. h4 Kd7 50. h5 gxh5 51. gxh5 Ke7 52. Nf5+ Kd7 53. Nxh6 Ng7
54. Kf6 Nxh5+ 55. Kg5 Ng7 56. Ng4 Kd6 57. Ne3 Ke7 58. Nf5+ Nxf5 59. Kxf5 Kd6 60.
Kg6 Kxd5 61. f5 Kd4 62. f6 Kd3 63. f7 Kc4 64. f8=Q Kd4 65. Qf4+ Kc5 66. Qd2 Kb6
67. Qc3 Ka7 68. Qb4 Ka8 69. Kf6 Ka7 70. Ke6 Ka8 71. Kd6 Ka7 72. Kc6 Ka8 73. Qb7#
1-0

[Event "Druzynowe Mistrzostwa Polski Juniorow 2019 - II Liga"]
[Site "Szczyrk"]
[Date "1899-12-30"]
[Round "3.91"]
[White "Wnek, Filip"]
[Black "Drozdzal, Michal"]
[Result "1-0"]
[WhiteTitle "I++"]
[BlackTitle "II+"]
[WhiteElo "1749"]
[BlackElo "1447"]

1. e4 c5 2. Nf3 Nc6 3. d4 cxd4 4. Nxd4 Nf6 5. Nc3 e5 6. Ndb5 d6 7. Bg5 a6 8. Na3
b5 9. Nd5 Be7 10. Bxf6 Bxf6 11. c3 Bg5 12. Nc2 O-O 13. a4 bxa4 14. Rxa4 a5 15.
Bb5 Ne7 16. Ncb4 Rb8 17. Nxe7+ Qxe7 18. Nc6 Qb7 19. c4 Ra8 20. Qxd6 Bd7 21. O-O
Bd8 22. Rd1 Bxc6 23. Bxc6 Qb8 24. Bxa8 Qxa8 25. c5 Bf6 26. Qd5 Qb8 27. Raa1 Qxb2
28. c6 Qb6 29. Rab1 Qc7 30. Qd7 Qxd7 31. Rxd7 Rc8 32. c7 a4 33. Rb8 1-0

[Event "Druzynowe Mistrzostwa Polski Juniorow 2019 - II Liga"]
[Site "Szczyrk"]
[Date "1899-12-30"]
[Round "3.92"]
[White "Tomkiewicz, Jakub"]
[Black "Budkiewicz, Magdalena"]
[Result "0-1"]
[WhiteTitle "II"]
[BlackTitle "I++"]
[WhiteElo "1270"]
[BlackElo "1623"]

1. f4 Nf6 2. Nf3 g6 3. b3 Bg7 4. Bb2 O-O 5. d3 d6 6. e4 c5 7. g3 Nc6 8. Bg2 Rb8
9. O-O b5 10. e5 Nd5 11. Qe2 Qb6 12. c4 Ndb4 13. Rd1 Bg4 14. h3 Bxf3 15. Bxf3
dxe5 16. Bxc6 Qxc6 17. Bxe5 Bxe5 18. fxe5 Rfd8 19. Na3 a6 20. Nc2 Nxc2 21. Qxc2
Qe6 22. Kg2 Qxe5 23. Qf2 Rd4 24. cxb5 axb5 25. Qf3 Rbd8 26. Re1 Qd6 27. Rad1 c4
28. Qb7 Rxd3 29. Rxd3 cxd3 30. Qxb5 d2 31. Rd1 e5 32. Kf3 Qd4 33. Qc4 e4+ 34.
Ke2 Qxc4+ 35. bxc4 Rd4 36. c5 Rc4 37. Rxd2 Rxc5 38. a4 Ra5 39. Ra2 f5 40. Ke3
Kf7 41. Kf4 Ke6 42. g4 Kd6 43. gxf5 gxf5 44. h4 Kc6 45. Kg5 Kb6 46. Kf4 Rd5 47.
h5 Ka5 48. Ra1 Kb4 49. Ke3 Rd3+ 50. Kf2 f4 51. a5 Rd2+ 52. Ke1 Rh2 53. Rb1+ Kxa5
54. Rb7 Rxh5 55. Re7 e3 56. Ke2 Rf5 57. Kf3 h5 58. Ke4 Rf8 59. Re5+ Kb4 60. Kf3
h4 61. Rh5 Re8 62. Ke2 Kc3 63. Rxh4 Rf8 0-1

[Event "Druzynowe Mistrzostwa Polski Juniorow 2019 - II Liga"]
[Site "Szczyrk"]
[Date "1899-12-30"]
[Round "3.93"]
[White "Glaz, Michal"]
[Black "Futyma, Dawid"]
[Result "1-0"]
[WhiteTitle "II"]
[BlackTitle "II"]
[WhiteElo "1209"]
[BlackElo "1073"]

1. e4 c6 2. d4 d5 3. Nc3 dxe4 4. Nxe4 Nf6 5. Nxf6+ exf6 6. Nf3 Bd6 7. Bd3 O-O 8.
O-O Bg4 9. Bd2 Qc7 10. h3 Bh5 11. Be2 Re8 12. Re1 Nd7 13. Nh4 Bxe2 14. Rxe2 Nb6
15. b3 c5 16. Rxe8+ Rxe8 17. dxc5 Qxc5 18. Nf3 Rd8 19. Qc1 Re8 20. Be3 Qc7 21.
c4 Bc5 22. Bf4 Qc6 23. Qd2 Qd7 24. Qxd7 Nxd7 25. Rd1 Ne5 26. Nxe5 fxe5 27. Bg3
a5 28. Rd5 b6 29. Rxe5 Rd8 30. Rd5 Rxd5 31. cxd5 Kf8 32. Kf1 Ke7 33. Ke2 b5 34.
Kd3 f5 35. f3 Bb6 36. Be5 g6 37. a4 bxa4 38. bxa4 Kd7 39. Kc4 Bd8 40. Kb5 h6 41.
Bc3 Kd6 42. Bxa5 Bxa5 43. Kxa5 Kxd5 44. Kb6 g5 45. a5 h5 46. a6 g4 47. hxg4 hxg4
48. fxg4 fxg4 49. a7 g3 50. a8=Q+ Ke5 51. Qb8+ Ke4 52. Qxg3 1-0

[Event "Druzynowe Mistrzostwa Polski Juniorow 2019 - II Liga"]
[Site "Szczyrk"]
[Date "1899-12-30"]
[Round "3.94"]
[White "Tomkiewicz, Szymon"]
[Black "Rainer, Piotr"]
[Result "0-1"]
[WhiteTitle "II"]
[BlackTitle "I"]
[WhiteElo "1092"]
[BlackElo "1445"]

1. e4 c5 2. Nf3 Nc6 3. d4 cxd4 4. Nxd4 e5 5. Nf3 Nf6 6. Bd3 d5 7. exd5 Nxd5 8.
Be4 Nde7 9. Qxd8+ Kxd8 10. O-O f6 11. Bxc6 Nxc6 12. Be3 Be6 13. Nc3 Ke7 14. Rfd1
Kf7 15. h3 Be7 16. a3 Rhd8 17. Rxd8 Rxd8 18. Rd1 Rxd1+ 19. Nxd1 Bf5 20. c3 Bc2
21. Nd2 Bxd1 22. f3 Bc2 23. g4 Bg6 24. a4 f5 25. gxf5 Bxf5 26. b4 b6 27. b5 Nd8
28. a5 bxa5 29. Bxa7 Nb7 30. c4 Bc5+ 31. Bxc5 Nxc5 32. b6 Bc8 33. Kf2 Ke6 34.
Ke3 Kd6 35. f4 exf4+ 36. Kxf4 a4 37. Nb1 Kc6 38. h4 Kxb6 39. h5 Kc6 40. Na3 Nd3+
41. Ke3 Nb4 42. Kd4 Bg4 43. c5 Bxh5 44. Nc4 Na6 45. Ne5+ Kc7 46. Nc4 g5 47. Ke5
Nxc5 48. Kf5 h6 49. Ne5 a3 50. Ng4 a2 51. Nxh6 a1=Q 52. Kxg5 Qe5+ 53. Kh4 Ne4
54. Kh3 Qg3# 0-1

[Event "Druzynowe Mistrzostwa Polski Juniorow 2019 - II Liga"]
[Site "Szczyrk"]
[Date "1899-12-30"]
[Round "3.95"]
[White "Zablocka, Katarzyna"]
[Black "Mazurek, Maja"]
[Result "1-0"]
[WhiteTitle "I"]
[BlackTitle "I"]
[WhiteElo "1255"]
[BlackElo "1294"]

1. e4 d5 2. exd5 Qxd5 3. Nc3 Qd6 4. d4 Nf6 5. Nf3 Bg4 6. h3 Bh5 7. g4 Bg6 8. Ne5
c6 9. Nxg6 hxg6 10. Bg2 e6 11. Qd3 Nbd7 12. Be3 O-O-O 13. O-O-O Qc7 14. Qe2 Bb4
15. Ne4 Nd5 16. a3 Be7 17. Rd3 N7b6 18. Nc3 Nf4 19. Bxf4 Qxf4+ 20. Qe3 Qxe3+ 21.
fxe3 Bg5 22. Ne4 Bh4 23. b3 Nd5 24. c4 Nf6 25. Nc3 Rd7 26. Rhd1 Rhd8 27. Kc2 Bg5
28. Ne2 Kc7 29. Kc3 Kc8 30. a4 Kc7 31. b4 a6 32. e4 Kb8 33. e5 Ne8 34. Ng3 Bh4
35. Ne4 b6 36. a5 Kb7 37. axb6 Kxb6 38. Nc5 Rc7 39. Ra1 Ra7 40. Rf3 Rc8 41. Na4+
Kb7 42. Rxf7+ Kb8 43. Rxa7 Kxa7 44. Nc5 Kb8 45. Rxa6 Be7 46. Nd7+ Kb7 47. Ra5
Rc7 48. Nc5+ Bxc5 49. Rxc5 Rc8 50. b5 Kb8 51. Rxc6 1-0

[Event "Druzynowe Mistrzostwa Polski Juniorow 2019 - II Liga"]
[Site "Szczyrk"]
[Date "1899-12-30"]
[Round "3.96"]
[White "Futyma, Klaudia"]
[Black "Gaczol, Julia"]
[Result "0-1"]
[WhiteTitle "II"]
[BlackTitle "I"]
[WhiteElo "1000"]
[BlackElo "1338"]

1. e4 c5 2. Nf3 Nc6 3. d4 cxd4 4. Nxd4 Qb6 5. Nxc6 bxc6 6. Bd3 g6 7. Qe2 Bg7 8.
c3 d6 9. Be3 Qc7 10. O-O Nf6 11. Nd2 Bb7 12. Nf3 O-O 13. Qd2 c5 14. h3 Nxe4 15.
Qc2 Nf6 16. Rad1 Bc6 17. Nh2 Rab8 18. f4 Qb7 19. b3 Nd5 20. Qf2 Nxe3 21. Qxe3
Bxg2 22. Rfe1 Bxc3 23. Ba6 Qxa6 24. Qxc3 Qb7 25. Ng4 f6 26. Qe3 Rfe8 27. f5 Qf3
28. Qe6+ Kg7 29. Re3 Qxd1+ 30. Kxg2 Qc2+ 31. Re2 Qxf5 32. Qe3 Qg5 33. Qg3 h5 34.
Ne3 Qxg3+ 35. Kxg3 e6 36. Nc4 d5 37. Nd6 Re7 38. h4 a6 39. a4 Rd8 40. Nc4 dxc4
41. bxc4 Rd4 42. Kh2 Rxc4 43. Rg2 Rxh4+ 44. Kg3 Rg4+ 45. Kf3 Rxg2 46. Kxg2 c4
47. Kf3 c3 48. Ke2 Rd7 49. Ke3 c2 50. Ke2 c1=Q 51. Kf3 Qc4 52. Kg2 Qc3 53. Kh1
Qc2 54. Kg1 0-1

[Event "Druzynowe Mistrzostwa Polski Juniorow 2019 - II Liga"]
[Site "Szczyrk"]
[Date "1899-12-30"]
[Round "3.97"]
[White "Jaszczuk, Mateusz"]
[Black "Derylo, Kamil"]
[Result "0-1"]
[WhiteTitle "I"]
[BlackTitle "I+"]
[WhiteElo "1508"]
[BlackElo "2030"]

1. e4 c6 2. d4 d5 3. exd5 cxd5 4. Bd3 Nc6 5. c3 g6 6. Nf3 Bg7 7. O-O Nh6 8. Re1
O-O 9. Nbd2 f6 10. Nf1 Nf7 11. Ng3 e5 12. dxe5 fxe5 13. Bc2 e4 14. Nd4 Nfe5 15.
Be3 Nc4 16. Nxc6 bxc6 17. Qc1 Nxe3 18. Qxe3 Bf5 19. Ba4 Qd6 20. Rad1 Kh8 21. Ne2
Be5 22. h3 Rad8 23. Bb3 g5 24. Nd4 Bf4 25. Qe2 Bg6 26. c4 Qf6 27. cxd5 cxd5 28.
Nb5 d4 29. Qc4 e3 30. fxe3 Bxe3+ 31. Kh1 Be4 32. Qe6 Bxg2+ 33. Kxg2 Qf3+ 34. Kh2
Bf4+ 35. Kg1 Qg3+ 36. Kf1 Bd2+ 37. Ke2 Rf2# 0-1

[Event "Druzynowe Mistrzostwa Polski Juniorow 2019 - II Liga"]
[Site "Szczyrk"]
[Date "1899-12-30"]
[Round "3.98"]
[White "Derylo, Adam"]
[Black "Guzik, Kacper"]
[Result "1-0"]
[WhiteTitle "I"]
[BlackTitle "II"]
[WhiteElo "1460"]
[BlackElo "1350"]

1. e4 c5 2. Nf3 e6 3. d4 cxd4 4. Nxd4 a6 5. g3 Nf6 6. Nc3 Qc7 7. Bg2 Bb4 8. Qd3
Nc6 9. O-O Ne5 10. Qe3 Bc5 11. b3 Nc6 12. Nxe6 dxe6 13. Qxc5 b6 14. Qg5 O-O 15.
e5 Nd7 16. Ba3 h6 17. Qf4 Nc5 18. b4 Nb7 19. Qc4 Bd7 20. b5 Rfc8 21. bxc6 Bxc6
22. Bxc6 Qxc6 23. Qxc6 Rxc6 24. Ne4 Rxc2 25. Rfc1 Re2 26. Nd6 Nd8 27. Re1 Rd2
28. Nc4 Rd3 29. Nxb6 Rb8 30. Bc5 Nc6 31. Nc4 Rc3 32. Bd6 Rxc4 33. Bxb8 Nxb8 34.
Red1 Kh7 35. Rac1 Re4 36. Rd8 Rxe5 37. Rxb8 Re2 38. Ra1 a5 39. Rb5 1-0

[Event "Druzynowe Mistrzostwa Polski Juniorow 2019 - II Liga"]
[Site "Szczyrk"]
[Date "1899-12-30"]
[Round "3.99"]
[White "Guzik, Michal"]
[Black "Derylo, Maksymilian"]
[Result "1-0"]
[WhiteTitle "II"]
[BlackTitle "II"]
[WhiteElo "1084"]
[BlackElo "1357"]

1. e4 c5 2. Nf3 d6 3. d4 cxd4 4. Nxd4 Nf6 5. Nc3 a6 6. Be3 e5 7. Nb3 Be7 8. Bc4
O-O 9. O-O Nc6 10. f3 b5 11. Be2 Be6 12. Nd5 Bxd5 13. exd5 Nb4 14. c4 bxc4 15.
Bxc4 Rc8 16. a3 Rxc4 17. axb4 Rxb4 18. Rxa6 Qb8 19. Na5 Qb5 20. Nc6 Qxa6 21. Nxb4
Qb5 22. Nc6 Bd8 23. Bg5 Nxd5 24. Nxd8 f6 25. Ne6 Re8 26. Bc1 Rxe6 27. Qc2 Re8
28. Rd1 Rd8 29. Qf5 Nc7 30. Qg4 Qe2 31. Rf1 Qc2 32. Be3 Qxb2 33. Qc4+ d5 34. Qxc7
Rb8 35. Qd7 d4 36. Bc1 Qe2 37. Qg4 d3 38. Bh6 Rb7 39. Qc8+ Kf7 40. Qxb7+ Kg6 41.
Qe4+ Qxe4 42. fxe4 Kxh6 43. Rd1 Kg5 44. Rxd3 Kf4 45. Rd7 g5 46. Rxh7 Kxe4 47.
Kf2 f5 48. h4 gxh4 49. Rxh4+ Kd3 50. g4 f4 51. g5 Kd2 52. g6 e4 53. Rxf4 e3+ 54.
Kg2 e2 55. Re4 1-0

[Event "Druzynowe Mistrzostwa Polski Juniorow 2019 - II Liga"]
[Site "Szczyrk"]
[Date "1899-12-30"]
[Round "3.100"]
[White "Zhydachevskyy, Yulian"]
[Black "Mansz, Martyna"]
[Result "1-0"]
[WhiteTitle "II"]
[BlackTitle "I"]
[WhiteElo "1292"]
[BlackElo "1091"]

1. e4 e5 2. Nf3 Nf6 3. Bc4 Nxe4 4. Nc3 Nf6 5. Nxe5 d6 6. Nxf7 Qe7+ 7. Qe2 Qxe2+
8. Kxe2 Rg8 9. Nd5 Nxd5 10. Bxd5 Ke7 11. Nxd6 Be6 12. Bxb7 Kxd6 13. Bxa8 c6 14.
d3 Bc8 15. Bf4+ Kc5 16. Bxb8 Kb6 17. Bxa7+ Kxa7 18. Bxc6 Bc5 19. Rhe1 Rf8 20.
f3 Rf6 21. Be4 h6 22. Kd2 Rb6 23. Reb1 Be6 24. a3 1-0

[Event "Druzynowe Mistrzostwa Polski Juniorow 2019 - II Liga"]
[Site "Szczyrk"]
[Date "1899-12-30"]
[Round "3.101"]
[White "Wojtas, Emilia"]
[Black "Laszczuk, Zuzanna"]
[Result "1-0"]
[WhiteTitle "II"]
[BlackTitle "I"]
[WhiteElo "1088"]
[BlackElo "1323"]

1. e4 e5 2. Nf3 Nc6 3. Nc3 Nf6 4. Bb5 a6 5. Bxc6 bxc6 6. Nxe5 Qe7 7. d4 Bb7 8.
O-O g6 9. Bg5 Bg7 10. Re1 O-O 11. Ng4 Qe6 12. Nh6+ Kh8 13. f4 d6 14. f5 Qd7 15.
e5 dxe5 16. dxe5 Nd5 17. Ne4 Bxe5 18. Nc5 Bxh2+ 19. Kxh2 Qd6+ 20. Kh1 Qxc5 21.
Qxd5 Qxd5 22. Bf6# 1-0

[Event "Druzynowe Mistrzostwa Polski Juniorow 2019 - II Liga"]
[Site "Szczyrk"]
[Date "1899-12-30"]
[Round "3.102"]
[White "Majewska, Zuzanna"]
[Black "Uliasz, Katarzyna"]
[Result "0-1"]
[WhiteTitle "II"]
[BlackTitle "I"]
[WhiteElo "1000"]
[BlackElo "1333"]

1. e4 c5 2. Nf3 d6 3. d4 cxd4 4. Nxd4 Nf6 5. Nc3 g6 6. Be3 Bg7 7. f3 O-O 8. Qd2
Nc6 9. Nxc6 bxc6 10. Bc4 Qc7 11. h4 h5 12. O-O-O Qa5 13. Rdg1 Rd8 14. Be2 Be6
15. a3 Rab8 16. Nb1 Qxd2+ 17. Kxd2 Rxb2 18. Bxa7 c5 19. Bb6 Rxb6 20. Nc3 d5 21.
exd5 Nxd5 22. Nxd5 Rxd5+ 0-1

[Event "Druzynowe Mistrzostwa Polski Juniorow 2019 - II Liga"]
[Site "Szczyrk"]
[Date "1899-12-30"]
[Round "3.103"]
[White "Niemier, Hubert"]
[Black "Poziomkowski, Szymon"]
[Result "0-1"]
[WhiteTitle "I"]
[BlackTitle "I"]
[WhiteElo "1764"]
[BlackElo "1816"]

1. d4 Nf6 2. c4 e6 3. Nc3 Bb4 4. f3 d5 5. a3 Bxc3+ 6. bxc3 c6 7. e3 O-O 8. Bd3
dxc4 9. Bxc4 c5 10. Ne2 Qc7 11. Bb3 Nc6 12. O-O Rd8 13. Kh1 e5 14. d5 c4 15. Bxc4
Ne7 16. Qb3 Nexd5 17. Rd1 Be6 18. e4 Nxc3 19. Rxd8+ Rxd8 20. Bxe6 Nxe2 21. Bc4
Qxc4 0-1

[Event "Druzynowe Mistrzostwa Polski Juniorow 2019 - II Liga"]
[Site "Szczyrk"]
[Date "1899-12-30"]
[Round "3.104"]
[White "Kartasiewicz, Igor"]
[Black "Chaczynski, Kamil"]
[Result "0-1"]
[WhiteTitle "II"]
[BlackTitle "I"]
[WhiteElo "1000"]
[BlackElo "1738"]

1. e4 e6 2. Nc3 d5 3. d3 Nf6 4. Be2 Be7 5. Bf4 O-O 6. Nb5 Na6 7. Nf3 c5 8. c3 Qb6
9. Qb3 Bd7 10. Na3 Qxb3 11. axb3 dxe4 12. dxe4 Nxe4 13. Nc2 Nb8 14. Ne5 Nf6 15.
Rd1 Nd5 16. Bf3 Bc6 17. Bg3 Rd8 18. c4 Nb4 19. Rxd8+ Bxd8 20. Nxb4 Bxf3 21. Nbd3
Bxg2 22. Rg1 Bc6 23. Nxc5 Be7 24. Ncd3 f6 25. Ng4 Be4 26. Ke2 Nc6 27. f3 Bxd3+
28. Kxd3 Rd8+ 29. Kc3 Bb4+ 30. Kc2 Nd4+ 31. Kb1 Nxf3 32. Nxf6+ gxf6 33. Bc7+ Nxg1
34. Bxd8 Kf7 35. Bc7 e5 36. Bb8 Bc5 37. Bc7 Nf3 38. h3 b6 39. Bb8 a5 40. Kc2 Nd4+
41. Kc3 Ke7 0-1

[Event "Druzynowe Mistrzostwa Polski Juniorow 2019 - II Liga"]
[Site "Szczyrk"]
[Date "1899-12-30"]
[Round "3.105"]
[White "Tadych, Olgierd"]
[Black "Cwiek, Ryszard"]
[Result "0-1"]
[WhiteTitle "II"]
[BlackTitle "I"]
[WhiteElo "1287"]
[BlackElo "1728"]

1. e4 d6 2. d4 Nf6 3. Nc3 g6 4. f3 c6 5. Be3 b5 6. Qd2 b4 7. Nce2 a5 8. Nf4 Nbd7
9. e5 dxe5 10. dxe5 Nxe5 11. Qxd8+ Kxd8 12. Bd4 Ned7 13. Rd1 Kc7 14. Be3 e5 15.
Nd3 Bd6 16. Ne2 Nd5 17. Bf2 Ba6 18. Ng3 f5 19. Be2 Bxd3 20. Bxd3 Bc5 21. Bc4 Bxf2+
22. Kxf2 N7b6 23. Bxd5 cxd5 24. Rhe1 Rhe8 25. Rc1 Kd6 26. Red1 Rec8 27. b3 a4
28. Ne2 axb3 29. axb3 Ra2 30. Rd2 f4 31. Ng1 Rb2 32. Ne2 d4 33. g3 g5 34. g4 Nd5
35. h3 Ne3 36. Kg1 Rcxc2 37. Rcxc2 Rxc2 38. Rxc2 Nxc2 39. Nc1 Kd5 40. Kf2 e4 41.
Ke2 d3+ 42. Kd2 Nd4 43. fxe4+ Kxe4 44. Nxd3 Nxb3+ 45. Kc2 Nd4+ 46. Kd2 Nf3+ 47.
Kc2 Ng1 48. Nxb4 Nxh3 49. Nd3 0-1

[Event "Druzynowe Mistrzostwa Polski Juniorow 2019 - II Liga"]
[Site "Szczyrk"]
[Date "1899-12-30"]
[Round "3.106"]
[White "Cwiek, Stefan"]
[Black "Kaczmarek, Jan"]
[Result "0-1"]
[WhiteTitle "II"]
[BlackTitle "II"]
[WhiteElo "1315"]
[BlackElo "1000"]

1. e4 c5 2. c3 g6 3. d4 cxd4 4. cxd4 d5 5. e5 Nc6 6. Nf3 Bg4 7. Be2 Nh6 8. h3 Bxf3
9. Bxf3 Nf5 10. Be3 e6 11. Nc3 Qb6 12. Ne2 Bg7 13. O-O Nxe3 14. fxe3 O-O 15. Qd2
Bh6 16. g4 Nxe5 17. Kg2 Nc4 18. Qd3 Nxe3+ 19. Kf2 Nxf1 20. Kxf1 Rac8 21. b3 Rc7
22. Rd1 Rfc8 23. h4 Rc2 24. g5 Bg7 25. a3 Rb2 26. b4 Rbc2 27. Rd2 Rxd2 28. Qxd2
Rc4 29. Kg2 Bxd4 30. Nxd4 Qxd4 31. Qxd4 Rxd4 32. h5 Rd2+ 33. Kg3 Rd3 34. hxg6
hxg6 35. a4 e5 36. Kf2 e4 37. Be2 e3+ 38. Kf3 Ra3 39. Bd1 Kf8 40. b5 Ke7 41. Ke2
d4 42. Bc2 Ra2 43. Kd3 Rxc2 44. Kxc2 e2 45. Kd2 d3 46. a5 f5 47. gxf6+ Kxf6 48.
b6 a6 49. Ke1 g5 50. Kf2 g4 51. Ke1 g3 52. Kd2 g2 53. Kxd3 e1=Q 54. Kd4 g1=Q+
55. Kc4 Qe4+ 56. Kc3 Qc1+ 57. Kb3 Qeb1+ 58. Ka4 Qc4+ 59. Ka3 Qa1# 0-1

[Event "Druzynowe Mistrzostwa Polski Juniorow 2019 - II Liga"]
[Site "Szczyrk"]
[Date "1899-12-30"]
[Round "3.107"]
[White "Niemier, Martyna"]
[Black "Zybrant, Sandra"]
[Result "1/2-1/2"]
[WhiteTitle "II"]
[BlackTitle "II"]
[WhiteElo "1163"]
[BlackElo "1000"]

1. d4 d5 2. c4 Bf5 3. Nc3 e6 4. Nf3 Nf6 5. Bg5 Be7 6. e3 Nbd7 7. Be2 O-O 8. O-O
c5 9. cxd5 Nxd5 10. Bxe7 Qxe7 11. Nxd5 exd5 12. dxc5 Qxc5 13. Rc1 Qd6 14. Qd4
Nf6 15. Rfd1 Rfd8 16. Bc4 h6 17. Bb3 Qb6 18. Qxb6 axb6 19. h3 Be6 20. Rc7 Rab8
21. Nd4 Ne8 22. Rcc1 Rd7 23. Nxe6 fxe6 24. Rc3 Nf6 25. f3 Rbd8 26. Rcd3 Kf7 27.
Kf2 g5 28. g4 Ke7 29. Ke2 e5 30. a3 e4 31. fxe4 dxe4 32. Rd4 1/2-1/2

[Event "Druzynowe Mistrzostwa Polski Juniorow 2019 - II Liga"]
[Site "Szczyrk"]
[Date "1899-12-30"]
[Round "3.108"]
[White "Mielnik, Zofia"]
[Black "Gac-mytych, Sara"]
[Result "0-1"]
[WhiteTitle "IV"]
[BlackTitle "II"]
[WhiteElo "1000"]
[BlackElo "1043"]

1. e4 e5 2. Nf3 Nc6 3. Nc3 Nf6 4. Bc4 Bc5 5. d3 h6 6. h3 O-O 7. O-O d6 8. Bd2 Be6
9. Bb3 Re8 10. Re1 Qd7 11. Be3 Nd4 12. Qd2 Nxf3+ 13. gxf3 Bxh3 14. f4 Qg4+ 15.
Kh2 Qg2# 0-1

[Event "Druzynowe Mistrzostwa Polski Juniorow 2019 - II Liga"]
[Site "Szczyrk"]
[Date "1899-12-30"]
[Round "3.109"]
[White "Stachowicz, Hubert"]
[Black "Grzegorski, Michal"]
[Result "0-1"]
[WhiteTitle "III"]
[BlackTitle "I"]
[WhiteElo "1092"]
[BlackElo "1763"]

1. d4 Nf6 2. c4 g6 3. Nc3 Bg7 4. e4 d6 5. Nf3 O-O 6. Be2 Nc6 7. O-O e5 8. d5 Ne7
9. Be3 Nd7 10. Nd2 f5 11. f3 f4 12. Bf2 h5 13. h3 Nf6 14. c5 g5 15. cxd6 cxd6
16. Kh2 Kf7 17. Rh1 Rh8 18. Kg1 Ng6 19. Rc1 Bd7 20. Nc4 Bf8 21. a4 Be7 22. Nb5
Bxb5 23. axb5 g4 24. hxg4 hxg4 25. Rxh8 Qxh8 26. fxg4 Qh7 27. g3 Rh8 28. Bf3 Qh2+
29. Kf1 fxg3 30. Bg1 Qh3+ 31. Bg2 Qh4 32. Ne3 Qg5 33. Qf3 Qf4 34. Qxf4 exf4 35.
Nf5 Nxg4 36. Ke2 Bd8 37. Nxd6+ Kf6 38. Rc8 Bb6 39. Rxh8 Nxh8 40. Bxb6 axb6 41.
Kf3 Kg5 42. Nxb7 Ne5+ 43. Ke2 Kg4 44. d6 f3+ 45. Bxf3+ Nxf3 46. d7 Nf7 47. Nd6
Nd8 48. Kf1 Kh3 49. Nf5 g2+ 50. Kf2 g1=Q+ 51. Kxf3 Qf1+ 52. Ke3 Qxb5 53. Kf4 Qxd7
54. Kg5 Qd2+ 55. Kf6 Qxb2+ 56. e5 Nc6 0-1

[Event "Druzynowe Mistrzostwa Polski Juniorow 2019 - II Liga"]
[Site "Szczyrk"]
[Date "1899-12-30"]
[Round "3.110"]
[White "Klaska, Szymon"]
[Black "Bartlomowicz, Jakub"]
[Result "1-0"]
[WhiteTitle "III"]
[BlackTitle "II+"]
[WhiteElo "1332"]
[BlackElo "1633"]

1. e4 c5 2. Nf3 Nc6 3. d4 cxd4 4. Nxd4 g6 5. Nc3 Bg7 6. Be3 Nf6 7. f3 O-O 8. Qd2
d5 9. Nxc6 bxc6 10. O-O-O Bb7 11. g4 dxe4 12. Nxe4 Nxe4 13. fxe4 Qc7 14. Qd7 Qxd7
15. Rxd7 Bc8 16. Rxe7 Bxg4 17. Rg1 Be6 18. a3 Be5 19. h4 Rfb8 20. c3 a5 21. h5
Rb3 22. hxg6 hxg6 23. Rxg6+ fxg6 24. Rxe6 Bg7 25. Bc4 Rbb8 26. Rxg6+ Kh7 27. Rxc6
Re8 28. Bd5 Rad8 29. Bb6 Rd7 30. Bxa5 Rf8 31. Kc2 Rf2+ 32. Kb3 Be5 33. Bb4 Rg7
34. Re6 Bf6 35. a4 Rgg2 36. Rxf6 Rxf6 37. e5 Rg5 38. Be4+ Rfg6 39. Bxg6+ Kxg6
40. Bd6 Kf7 41. a5 Ke6 42. a6 Rxe5 43. Bxe5 Kxe5 44. a7 Kd5 1-0

[Event "Druzynowe Mistrzostwa Polski Juniorow 2019 - II Liga"]
[Site "Szczyrk"]
[Date "1899-12-30"]
[Round "3.111"]
[White "Babiarz, Arkadiusz"]
[Black "Franek, Diana"]
[Result "1-0"]
[WhiteTitle "I++"]
[BlackTitle "I"]
[WhiteElo "1833"]
[BlackElo "1318"]

1. e4 e5 2. Nf3 Nc6 3. Bb5 a6 4. Ba4 Nf6 5. Qe2 b5 6. Bb3 Be7 7. a4 b4 8. a5 O-O
9. d3 Re8 10. O-O h6 11. Rd1 Bf8 12. Nbd2 d6 13. Nf1 Nd4 14. Nxd4 exd4 15. f3
c5 16. Qf2 Qc7 17. Bf4 Nh5 18. Qh4 Nxf4 19. Qxf4 Be6 20. Nd2 Be7 21. Nc4 Bxc4
22. Bxc4 Bg5 23. Qg4 Qc8 24. Qh5 g6 25. Qxg6+ Kh8 26. Bxf7 Rd8 27. f4 Bxf4 28.
Qf6+ Kh7 29. Bg6+ Kg8 30. Qf7+ Kh8 31. Qh7# 1-0